000 00504nam a2200157 4500
001 126763
003 ES-MaACL
005 20230906192856.0
007 t|
008 070214s1965 sp r ||||1| spa d
100 1 _aReti, Rudolph.
_996359
245 1 0 _aTonalidad, atonalidad, pantonalidad
_b: estudio de algunas tendencias manifestadas en la música del siglo XX /
_cRudolph Reti.
260 _aMadrid :
_bRialp,
_c1965.
300 _a232 p. :
_bil. ;
_c20 cm.
852 _aES-MaACL
_jC-27023
_bR.55985
999 _c126763
_d126763